| 000 | 02442cam a22005054i 4500 | ||
|---|---|---|---|
| 003 | PE-LiUPU | ||
| 005 | 20250731173316.0 | ||
| 008 | 150625s2005 xxu r 000 0 spa d | ||
| 020 | _a1591854970 | ||
| 035 | _a(Sirsi) i9781591854975 | ||
| 040 |
_aPE-LiUPU _bspa _cPE-LiUPU _erda |
||
| 049 | _aPRUA | ||
| 082 | 0 | 4 |
_a261.8357 _bH17 _221 |
| 100 | 1 |
_aHaley, Mike, _eautor. |
|
| 245 | 1 | 0 |
_a101 preguntas frecuentes sobre la homosexualidad / _cMike Haley. |
| 246 | 3 | _aCientos uno preguntas frecuentes sobre la homosexualidad | |
| 246 | 3 | _aCiento y uno preguntas frecuentes sobre la homosexualidad | |
| 264 | 1 |
_aLake Mary, Florida : _bCasa Creación, _c[2005]. |
|
| 300 |
_a208 páginas ; _c21 centímetros |
||
| 336 |
_atext _2rdacontent |
||
| 337 |
_aunmediated _2rdamedia |
||
| 338 |
_avolume _2rdacarrier |
||
| 505 | 0 | _aRespuestas básicas -- Respuestas para la familia -- Respuestas para los amigos -- Respuestas para la iglesia -- Respuestas para los hombres -- Respuestas para las mujeres -- Respuestas para quienes desean cambiar -- Respuestas de la teología -- Respuestas de la cultura -- Respuestas de la comunidad homosexual a la agenda gay -- Respuestas de la ciencia -- Respuestas parta la necesidad. | |
| 526 | _aSEG42 | ||
| 526 | _aSEG41 | ||
| 526 | _aSEG40 | ||
| 526 | _aSEG39 | ||
| 526 | _aP94 | ||
| 526 | _aP87 | ||
| 526 | _aP86 | ||
| 526 | _aP85 | ||
| 526 | _aP77 | ||
| 526 | _aP76 | ||
| 526 | _aP35 | ||
| 541 | _g0000156; | ||
| 541 | _g001-0000495; | ||
| 650 | 0 | 4 |
_aHomosexualidad en la Biblia _xMisceláneas. |
| 942 |
_2ddc _cBOOK |
||
| 949 |
_a261.8357 H17 _wDEWEY _c1 _i56572 _lCCODEBUL1 _mBUL _r0 _sY _tBOOK _u2015-6-25 _xTEOLOGIA _PP33 _0COMPRA _o.STAFF. Colección Teología |
||
| 949 |
_a261.8357 H17 _wDEWEY _c2 _i62476 _lCCODEBUL1 _mBUL _p11.00 _r0 _sY _tBOOK _u2015-6-25 _xTEOLOGIA _PP35 _0COMPRA _o.STAFF. Colección Teología |
||
| 994 |
_aC0 _bPEPRU |
||
| 596 | _a1 | ||
| 999 |
_a261.8357 H17 _wDEWEY _c45755 _i56572 _d45755 _e2017-8-29 _f2021-11-10 _g5 _lCCODEBUL1 _mBUL _n4 _p10.00 _q1 _r0 _sY _tBOOK _u2015-6-25 _xTEOLOGIA _PP33 _0COMPRA _o.STAFF. Colección Teología |
||
| 999 |
_a261.8357 H17 _wDEWEY _c2 _i62476 _d2019-4-22 _e2017-11-2 _f2021-11-10 _g5 _lCCODEBUL1 _mBUL _n7 _p11.00 _q2 _r0 _sY _tBOOK _u2015-6-25 _xTEOLOGIA _PP35 _0COMPRA _o.STAFF. Colección General |
||
| 980 |
_81 _gALBERTO SANCHEZ Responsable de Automatización |
||